Characterization and Modeling of Electrochemical Energy Conversion Systems by Impedance Techniques (Record no. 32529)

MARC details
000 -LEADER
fixed length control field 00496nam a2200133Ia 4500
008 - FIXED-LENGTH DATA ELEMENTS--GENERAL INFORMATION
fixed length control field 220620s9999||||xx |||||||||||||| ||und||
022 ## - INTERNATIONAL STANDARD SERIAL NUMBER
International Standard Serial Number 18681603
100 ## - MAIN ENTRY--PERSONAL NAME
Personal name Klotz, Dino
245 #0 - TITLE STATEMENT
Title Characterization and Modeling of Electrochemical Energy Conversion Systems by Impedance Techniques
546 ## - LANGUAGE NOTE
Language note English[eng]
650 ## - SUBJECT ADDED ENTRY--TOPICAL TERM
Topical term or geographic name entry element Lithium-Ion Battery (LIB)||Solid Oxide Fuel Cell (SOFC)||Electrochemical Impedance Spectroscopy (EIS)
856 ## - ELECTRONIC LOCATION AND ACCESS
Uniform Resource Identifier <a href="https://www.ksp.kit.edu/9783866449039">https://www.ksp.kit.edu/9783866449039</a>
942 ## - ADDED ENTRY ELEMENTS (KOHA)
Koha item type E-Books
Holdings
Withdrawn status Lost status Damaged status Not for loan Home library Current library Date acquired Total Checkouts Date last seen Price effective from Koha item type
        Kerala University of Digital Sciences, Innovation and Technology Knowledge Centre Kerala University of Digital Sciences, Innovation and Technology Knowledge Centre 20/06/2022   20/06/2022 20/06/2022 E-Books